[Event "Liberec op 16th"]
[Site "Liberec"]
[Date "2016.02.17"]
[Round "6"]
[White "Ochman, Tomas"]
[Black "Blahacek, Evzen"]
[Result "1/2-1/2"]
[WhiteElo "1839"]
[BlackElo "1949"]
[PlyCount "88"]
[EventDate "2016.02.13"]
[EventType "swiss"]
[EventRounds "9"]
[EventCountry "CZE"]
[SourceTitle "CBM 170 Extra"]
[Source "ChessBase"]
[SourceDate "2016.02.25"]
[SourceVersion "1"]
[SourceVersionDate "2016.02.25"]
[SourceQuality "1"]

1. e4 e5 2. Nf3 Nc6 3. Bb5 g6 4. c3 Bg7 5. 0-0 Nge7 6. d4 a6 7. Bc4 d6 8. dxe5 dxe5 9. Qb3 0-0 10. Rd1 Qe8 11. Qa3 Bg4 12. Bg5 h6 13. Be3 b6 14. Nbd2 Qc8 15. b4 Re8 16. Qb3 Nd8 17. a4 Be6 18. Nf1 Bxc4 19. Qxc4 Nb7 20. N3d2 Nd6 21. Qb3 Qb7 22. f3 Red8 23. Nc4 Qc6 24. Nxd6 Rxd6 25. Rxd6 Qxd6 26. Rd1 Qc6 27. b5 axb5 28. axb5 Qe8 29. c4 Rd8 30. Ng3 Nc8 31. Ne2 Rxd1+ 32. Qxd1 Bf8 33. Qd5 Kh7 34. Nc3 Bd6 35. Qd2 Bb4 36. Qd3 Bxc3 37. Qxc3 Nd6 38. Qd3 Qe6 39. c5 bxc5 40. Bxc5 Qc4 41. Qxc4 Nxc4 42. Kf2 Kg7 43. Ke2 Kf6 44. Kd3 Nb6 1/2-1/2

[Event "Liberec op 16th"]
[Site "Liberec"]
[Date "2016.02.15"]
[Round "4"]
[White "Simon, Eric2"]
[Black "Blahacek, Evzen"]
[Result "1-0"]
[WhiteElo "2107"]
[BlackElo "1949"]
[PlyCount "69"]
[EventDate "2016.02.13"]
[EventType "swiss"]
[EventRounds "9"]
[EventCountry "CZE"]
[SourceTitle "CBM 170 Extra"]
[Source "ChessBase"]
[SourceDate "2016.02.25"]
[SourceVersion "1"]
[SourceVersionDate "2016.02.25"]
[SourceQuality "1"]

1. Nf3 Nf6 2. g3 e6 3. Bg2 d5 4. 0-0 Be7 5. d4 Nbd7 6. c4 0-0 7. Qc2 c6 8. Nbd2 Re8 9. e4 Nxe4 10. Nxe4 dxe4 11. Qxe4 h6 12. Rd1 Qc7 13. b3 b6 14. Bf4 Bd6 15. Bxd6 Qxd6 16. Ne5 Bb7 17. Nxc6 f5 18. Ne7+ Qxe7 19. Qxb7 a5 20. Bc6 Red8 21. d5 Rab8 22. Qa7 e5 23. d6 Qe8 24. Rd2 Kh8 25. Re1 Ra8 26. Bxa8 Rxa8 27. Qb7 Rb8 28. Qd5 Rc8 29. f4 Rc5 30. Qb7 e4 31. Rd5 g5 32. Rxc5 bxc5 33. Qd5 Qh5 34. Qa8+ Kh7 35. Qxa5 1-0

[Event "Liberec op 14th"]
[Site "Liberec"]
[Date "2013.10.28"]
[Round "3"]
[White "Blahacek, Evzen"]
[Black "Kozak, Milos"]
[Result "1/2-1/2"]
[WhiteElo "1907"]
[BlackElo "2157"]
[PlyCount "44"]
[EventDate "2013.10.26"]
[EventType "swiss"]
[EventRounds "9"]
[EventCountry "CZE"]
[SourceTitle "EXT 2014"]
[Source "ChessBase"]
[SourceDate "2013.11.20"]
[SourceVersion "1"]
[SourceVersionDate "2013.11.20"]
[SourceQuality "1"]

1. c4 e6 2. Nc3 d5 3. d4 Nf6 4. Nf3 Bb4 5. e3 0-0 6. Bd2 b6 7. cxd5 exd5 8. Bd3 Bb7 9. 0-0 Nbd7 10. Rc1 a6 11. Bb1 Bd6 12. h3 Ne4 13. Be1 f5 14. Qb3 Nxc3 15. Bxc3 Qe7 16. Rfe1 Kh8 17. Bd2 Rf7 18. h4 g6 19. g3 Raf8 20. Kg2 h6 21. Rh1 Rh7 22. a3 Nf6 1/2-1/2

[Event "Liberec op 14th"]
[Site "Liberec"]
[Date "2013.10.27"]
[Round "2"]
[White "Machan, Jan"]
[Black "Blahacek, Evzen"]
[Result "1/2-1/2"]
[WhiteElo "2163"]
[BlackElo "1907"]
[PlyCount "99"]
[EventDate "2013.10.26"]
[EventType "swiss"]
[EventRounds "9"]
[EventCountry "CZE"]
[SourceTitle "EXT 2014"]
[Source "ChessBase"]
[SourceDate "2013.11.20"]
[SourceVersion "1"]
[SourceVersionDate "2013.11.20"]
[SourceQuality "1"]

1. Nf3 Nf6 2. g3 e6 3. Bg2 d5 4. d4 Bd6 5. c4 c6 6. Nbd2 Nbd7 7. Qc2 0-0 8. 0-0 Qe7 9. e4 dxe4 10. Nxe4 Nxe4 11. Qxe4 c5 12. Rd1 Rd8 13. Bg5 Nf6 14. Qh4 cxd4 15. Nxd4 h6 16. Bxf6 Qxf6 17. Qxf6 gxf6 18. Nb5 Be7 19. Rxd8+ Bxd8 20. Rd1 Be7 21. Nd6 Kf8 22. Bxb7 Bxb7 23. Nxb7 Rc8 24. Na5 Bb4 25. Nb3 Rxc4 26. Rd4 Rxd4 27. Nxd4 Bc5 28. Nc2 a5 29. Kf1 Ke7 30. Ke2 Kd6 31. Ne3 Kc6 32. Ng4 Bf8 33. Kd3 Bg7 34. Ne3 Bf8 35. Kc4 h5 36. Nc2 Bc5 37. Nd4+ Kb6 38. f3 f5 39. Ne2 Bd6 40. a3 Be5 41. b4 Bb2 42. Kb3 Be5 43. h4 axb4 44. axb4 Kb5 45. f4 Ba1 46. Ka2 Bf6 47. Kb3 Ba1 48. Ka2 Bf6 49. Kb3 Ba1 50. Ka2 1/2-1/2

[Event "Liberec Desko op"]
[Site "Liberec"]
[Date "2013.07.22"]
[Round "4"]
[White "Strebkovs, Andrejs"]
[Black "Blahacek, Evzen"]
[Result "1-0"]
[WhiteElo "2312"]
[BlackElo "1935"]
[PlyCount "71"]
[EventDate "2013.07.20"]
[EventType "swiss"]
[EventRounds "9"]
[EventCountry "CZE"]
[SourceTitle "CBM 155 Extra"]
[Source "ChessBase"]
[SourceDate "2013.08.26"]
[SourceVersion "1"]
[SourceVersionDate "2013.08.26"]
[SourceQuality "1"]

1. Nf3 Nf6 2. g3 g6 3. Bg2 Bg7 4. 0-0 0-0 5. d4 d5 6. Bf4 Nbd7 7. Qc1 Re8 8. Rd1 c6 9. c4 dxc4 10. Qxc4 Nb6 11. Qc1 Nbd5 12. Bh6 Bh8 13. Nc3 Bf5 14. Ne5 Qa5 15. f3 Rad8 16. e4 Nxc3 17. bxc3 Bc8 18. Bf1 Nd7 19. Nc4 Qc7 20. e5 Nb6 21. Qa3 Be6 22. Na5 f6 23. f4 fxe5 24. fxe5 Bg7 25. Bxg7 Kxg7 26. Rab1 Rf8 27. c4 Bc8 28. Nb3 a6 29. Nc5 Na8 30. Rxb7 Qxe5 31. dxe5 Rxd1 32. Rxe7+ Kh8 33. e6 Rdxf1+ 34. Kg2 R1f2+ 35. Kh3 R8f3 36. Qa5 1-0

[Event "Liberec op 13th"]
[Site "Liberec"]
[Date "2012.10.27"]
[Round "9"]
[White "Novotny, Jaroslav2"]
[Black "Blahacek, Evzen"]
[Result "1-0"]
[WhiteElo "2020"]
[BlackElo "1959"]
[PlyCount "167"]
[EventDate "2012.10.20"]
[EventType "swiss"]
[EventRounds "9"]
[EventCountry "CZE"]
[SourceTitle "EXT 2013"]
[Source "ChessBase"]
[SourceDate "2012.11.22"]
[SourceVersion "1"]
[SourceVersionDate "2012.11.22"]
[SourceQuality "1"]

1. e4 e5 2. Nf3 Nc6 3. Bb5 a6 4. Ba4 d6 5. 0-0 Bd7 6. c3 Nf6 7. Re1 Be7 8. d4 0-0 9. d5 Nb8 10. Bxd7 Nbxd7 11. c4 Ne8 12. Qc2 g6 13. Bh6 Ng7 14. g4 f6 15. Nc3 Rf7 16. Kh1 Qc8 17. Rg1 Bf8 18. Rg3 g5 19. h4 Nh5 20. gxh5 Bxh6 21. hxg5 fxg5 22. Nxg5 Bxg5 23. Rxg5+ Kh8 24. Rag1 Nb6 25. R1g3 Qf8 26. Nd1 Rf4 27. Kg1 Rf3 28. Qe2 Rxg3+ 29. Rxg3 Qf4 30. b3 Rg8 31. Kg2 Rg5 32. Rxg5 Qxg5+ 33. Kh3 Nd7 34. Qg4 Qxg4+ 35. Kxg4 Kg7 36. f3 Nf6+ 37. Kg5 h6+ 38. Kh4 Ng8 39. Ne3 a5 40. a3 b6 41. Nd1 Kf6 42. Kg4 Kf7 43. Nc3 Nf6+ 44. Kf5 Nxh5 45. Nb5 Ng7+ 46. Kg4 Ne8 47. Kh5 Kg7 48. b4 axb4 49. axb4 Nf6+ 50. Kh4 Ne8 51. Na7 Kg6 52. Nc6 Ng7 53. Nd8 Kf6 54. Kg4 Ke7 55. Nc6+ Kf6 56. Na7 Kg6 57. Nb5 Ne8 58. Nc3 Ng7 59. Ne2 Kf6 60. Nc1 Kg6 61. Nd3 Kf6 62. c5 bxc5 63. bxc5 Kg6 64. c6 Kf6 65. Kh4 Ne8 66. Kh5 Kg7 67. Nf2 Nf6+ 68. Kh4 Kg6 69. Nh1 Nh5 70. Nf2 Nf6 71. Nd3 Ne8 72. Nb4 Kg7 73. Na6 Kg6 74. Nb8 Ng7 75. Nd7 Ne8 76. Nf8+ Kf7 77. Ne6 Kg6 78. Kg4 Kf6 79. f4 exf4 80. Kxf4 Kg6 81. e5 dxe5+ 82. Kxe5 Kf7 83. Nxc7 Nxc7 84. d6 1-0

[Event "Liberec Metalmex op"]
[Site "Liberec"]
[Date "2012.08.14"]
[Round "5"]
[White "Bednar, Marcel"]
[Black "Blahacek, Evzen"]
[Result "1-0"]
[WhiteElo "2301"]
[BlackElo "1981"]
[PlyCount "79"]
[EventDate "2012.08.11"]
[EventType "swiss"]
[EventRounds "9"]
[EventCountry "CZE"]
[SourceTitle "EXT 2014"]
[Source "ChessBase"]
[SourceDate "2013.11.20"]
[SourceVersion "1"]
[SourceVersionDate "2013.11.20"]
[SourceQuality "1"]

1. d4 Nf6 2. c4 e6 3. Nf3 b6 4. g3 Ba6 5. b3 Bb4+ 6. Bd2 Be7 7. Nc3 c6 8. Bg2 d5 9. Ne5 Nfd7 10. Nxd7 Qxd7 11. cxd5 exd5 12. 0-0 0-0 13. Re1 Bf6 14. Bf4 Bb7 15. Qd2 Rd8 16. Rad1 Na6 17. h4 Nc7 18. Bg5 Bxg5 19. hxg5 Rf8 20. f4 f6 21. gxf6 Rxf6 22. e4 Rg6 23. exd5 Nxd5 24. Nxd5 cxd5 25. Re3 Re8 26. Rde1 Rxe3 27. Qxe3 Bc6 28. Kf2 Rf6 29. Qe5 Kf7 30. b4 g6 31. b5 Bb7 32. Bh3 Qd8 33. Rc1 Rd6 34. a4 h6 35. Rc3 Kg8 36. Be6+ Kh7 37. f5 gxf5 38. Bxf5+ Kg8 39. Be6+ Kh7 40. Rf3 1-0

[Event "Liberec Metalmex op"]
[Site "Liberec"]
[Date "2012.08.12"]
[Round "2"]
[White "Blahacek, Evzen"]
[Black "Kaderabek, Jiri"]
[Result "0-1"]
[WhiteElo "1981"]
[BlackElo "2218"]
[PlyCount "76"]
[EventDate "2012.08.11"]
[EventType "swiss"]
[EventRounds "9"]
[EventCountry "CZE"]
[SourceTitle "EXT 2014"]
[Source "ChessBase"]
[SourceDate "2013.11.20"]
[SourceVersion "1"]
[SourceVersionDate "2013.11.20"]
[SourceQuality "1"]

1. c4 e5 2. Nc3 Nf6 3. Nf3 Nc6 4. d4 e4 5. Ne5 Bb4 6. Nxc6 bxc6 7. a3 Be7 8. g3 0-0 9. Bg2 d5 10. 0-0 Rb8 11. c5 h5 12. h3 Bd7 13. Qa4 Nh7 14. b4 f5 15. Kh2 Bf6 16. Qd1 a6 17. e3 g5 18. Ne2 Qe7 19. Bd2 Kh8 20. Rh1 Rg8 21. Qf1 Rbf8 22. Rd1 Rf7 23. Bc1 Nf8 24. Ng1 Rh7 25. Qxa6 h4 26. Ne2 Ng6 27. b5 g4 28. bxc6 Bc8 29. Qa4 gxh3 30. Bf1 hxg3+ 31. fxg3 Nh4 32. Bxh3 Nf3+ 33. Kg2 Bh4 34. Kf2 Bxg3+ 35. Nxg3 Qh4 36. Rdg1 Nxg1 37. Rxg1 Qxh3 38. Qd1 Qg4 0-1

[Event "Liberec Metalmex op"]
[Site "Liberec"]
[Date "2012.08.12"]
[Round "3"]
[White "Martinovsky, Miroslav"]
[Black "Blahacek, Evzen"]
[Result "1/2-1/2"]
[WhiteElo "1818"]
[BlackElo "1981"]
[PlyCount "75"]
[EventDate "2012.08.11"]
[EventType "swiss"]
[EventRounds "9"]
[EventCountry "CZE"]
[SourceTitle "EXT 2014"]
[Source "ChessBase"]
[SourceDate "2013.11.20"]
[SourceVersion "1"]
[SourceVersionDate "2013.11.20"]
[SourceQuality "1"]

1. Nf3 Nf6 2. d4 e6 3. c4 b6 4. g3 Ba6 5. Qa4 c6 6. Bg2 b5 7. cxb5 cxb5 8. Qd1 d5 9. 0-0 Nc6 10. b3 Bd6 11. Bb2 0-0 12. Nbd2 Qb6 13. Re1 Rac8 14. e4 dxe4 15. Nxe4 Nxe4 16. Rxe4 Ne7 17. Rg4 Nd5 18. Ne5 Bxe5 19. dxe5 Rfd8 20. Qd2 Qc5 21. Rc1 Qe7 22. Rxc8 Bxc8 23. Rd4 Bb7 24. Qa5 a6 25. Ba3 Qd7 26. Bxd5 exd5 27. Qb6 Rc8 28. Kg2 Qc6 29. Qxc6 Bxc6 30. Bd6 Bb7 31. Rd2 Rd8 32. f4 f6 33. Kf2 fxe5 34. Bxe5 g6 35. Rc2 Rd7 36. Rc7 Rxc7 37. Bxc7 Kf7 38. Ke3 1/2-1/2

[Event "Liberec Metalmex op"]
[Site "Liberec"]
[Date "2011.08.13"]
[Round "1"]
[White "Svertsal, Marcel"]
[Black "Blahacek, Evzen"]
[Result "0-1"]
[WhiteElo "1712"]
[BlackElo "1991"]
[PlyCount "60"]
[EventDate "2011.08.13"]
[EventType "swiss"]
[EventRounds "9"]
[EventCountry "CZE"]
[SourceTitle "CBM 143 Extra"]
[Source "ChessBase"]
[SourceDate "2011.08.29"]
[SourceVersion "1"]
[SourceVersionDate "2011.08.29"]
[SourceQuality "1"]

1. d4 Nf6 2. c4 e6 3. Nf3 d5 4. e3 Be7 5. Nc3 0-0 6. Qc2 Nbd7 7. cxd5 exd5 8. Bd3 c6 9. 0-0 Bd6 10. Bd2 Re8 11. Rfe1 Nf8 12. Rad1 Bg4 13. Be2 Qc7 14. h3 Bh5 15. g4 Bg6 16. Bd3 Qd7 17. Bf5 Bxf5 18. Qxf5 Qxf5 19. gxf5 Re7 20. Nh2 Rae8 21. f3 h5 22. Nf1 N8d7 23. Re2 Nb6 24. b3 Nc8 25. Rg2 Bb4 26. Kf2 Nd6 27. Rg5 Bxc3 28. Bxc3 Nde4+ 29. fxe4 Nxe4+ 30. Kg2 Nxg5 0-1

[Event "Liberec op 11th"]
[Site "Liberec"]
[Date "2010.10.29"]
[Round "8"]
[White "Fales, Anatolij"]
[Black "Blahacek, Evzen"]
[Result "0-1"]
[WhiteElo "2021"]
[BlackElo "1981"]
[PlyCount "120"]
[EventDate "2010.10.23"]
[EventType "swiss"]
[EventRounds "9"]
[EventCountry "CZE"]
[SourceTitle "EXT 2011"]
[Source "ChessBase"]
[SourceDate "2010.11.26"]
[SourceVersion "1"]
[SourceVersionDate "2010.11.26"]
[SourceQuality "1"]

1. d4 Nf6 2. c4 e6 3. Nf3 d5 4. Nc3 c6 5. Bg5 Nbd7 6. cxd5 exd5 7. e3 Be7 8. Qc2 0-0 9. Bd3 Re8 10. 0-0 Ne4 11. Bf4 f5 12. Ne5 Bf6 13. Nxd7 Bxd7 14. b4 Qe7 15. Rab1 b5 16. a4 a6 17. axb5 axb5 18. Rfe1 Ra3 19. Rb3 Rea8 20. Rxa3 Rxa3 21. Na2 Qf8 22. Rb1 Be7 23. Bc7 Qa8 24. Nc1 Qa4 25. Qxa4 Rxa4 26. Ba5 Nd2 27. Rb2 Ra1 28. Rxd2 Rxc1+ 29. Bf1 Rb1 30. Ra2 Bxb4 31. Bxb4 Rxb4 32. Ra7 Be8 33. g3 Rb1 34. Kg2 g6 35. Re7 Bf7 36. Rc7 Be8 37. Re7 Kf8 38. Rxh7 Bf7 39. Rh8+ Bg8 40. g4 Kg7 41. Rh4 b4 42. gxf5 Rxf1 43. Kxf1 b3 44. Rg4 b2 45. Rxg6+ Kf7 46. Rxc6 b1Q+ 47. Kg2 Qxf5 48. Rc7+ Ke8 49. Rb7 Be6 50. Rg7 Qe4+ 51. Kg3 Qf5 52. Kg2 Qh5 53. Rg3 Qe2 54. Rf3 Ke7 55. Rf4 Qh5 56. h4 Qg6+ 57. Kh2 Bf5 58. Rf3 Be4 59. Rg3 Qh5 60. Kg1 Qd1+ 0-1

[Event "Liberec Metalmex op"]
[Site "Liberec"]
[Date "2010.??.??"]
[Round "7"]
[White "Blahacek, Evzen"]
[Black "Braun, Marek"]
[Result "0-1"]
[WhiteElo "1981"]
[BlackElo "2192"]
[PlyCount "60"]
[EventDate "2010.08.14"]
[EventType "swiss"]
[EventRounds "9"]
[EventCountry "CZE"]
[SourceTitle "CBM 138 Extra"]
[Source "ChessBase"]
[SourceDate "2010.10.29"]
[SourceVersion "1"]
[SourceVersionDate "2010.10.29"]
[SourceQuality "1"]

1. c4 e5 2. Nc3 d6 3. g3 f5 4. Bg2 Nf6 5. d3 c6 6. Nh3 Be7 7. 0-0 0-0 8. Rb1 h6 9. f3 Be6 10. b4 Qd7 11. Nf2 d5 12. cxd5 cxd5 13. a3 Rc8 14. Bd2 d4 15. Na4 Nd5 16. Rc1 Rxc1 17. Bxc1 a5 18. Nc5 Bxc5 19. bxc5 Na6 20. f4 exf4 21. Bxd5 Qxd5 22. Bxf4 Rc8 23. e4 dxe3 24. Bxe3 Nxc5 25. d4 Nd7 26. Qd2 Nf6 27. Nd3 Ne4 28. Qe1 Rc2 29. Qb1 Ng5 30. Nf2 Nh3+ 0-1

[Event "Liberec Metalmex op"]
[Site "Liberec"]
[Date "2010.??.??"]
[Round "4"]
[White "Cakl, Zdenek"]
[Black "Blahacek, Evzen"]
[Result "1-0"]
[WhiteElo "2110"]
[BlackElo "1981"]
[PlyCount "47"]
[EventDate "2010.08.14"]
[EventType "swiss"]
[EventRounds "9"]
[EventCountry "CZE"]
[SourceTitle "CBM 138 Extra"]
[Source "ChessBase"]
[SourceDate "2010.10.29"]
[SourceVersion "1"]
[SourceVersionDate "2010.10.29"]
[SourceQuality "1"]

1. Nf3 g6 2. e4 Bg7 3. d4 d6 4. Nc3 e5 5. dxe5 dxe5 6. Qxd8+ Kxd8 7. Bc4 f6 8. Be3 c6 9. h3 Nd7 10. 0-0-0 Kc7 11. Rd2 Nh6 12. Rhd1 Re8 13. g4 Re7 14. a4 Nf7 15. Bb3 h6 16. Nh4 Nh8 17. f4 exf4 18. Bxf4+ Ne5 19. Nf3 Nhf7 20. Nd4 Bd7 21. Ndb5+ Kc8 22. Nd6+ Nxd6 23. Rxd6 g5 24. Bxe5 1-0

[Event "Liberec op 09th"]
[Site "Liberec"]
[Date "2008.11.17"]
[Round "4"]
[White "Vetter, Udo"]
[Black "Blahacek, Evzen"]
[Result "1/2-1/2"]
[WhiteElo "1705"]
[BlackElo "2014"]
[PlyCount "143"]
[EventDate "2008.11.15"]
[EventType "swiss"]
[EventRounds "9"]
[EventCountry "CZE"]
[SourceTitle "CBM 127 Extra"]
[Source "ChessBase"]
[SourceDate "2009.01.08"]
[SourceVersion "2"]
[SourceVersionDate "2009.01.28"]
[SourceQuality "1"]

1. c4 e5 2. Nc3 Nc6 3. g3 f5 4. e3 Nf6 5. Bg2 g6 6. d3 Bg7 7. Nge2 0-0 8. a3 Ne7 9. d4 exd4 10. exd4 c6 11. 0-0 d5 12. c5 h6 13. b4 g5 14. f4 g4 15. Be3 Ne4 16. Rc1 h5 17. Nxe4 dxe4 18. Nc3 Be6 19. Re1 Qd7 20. Rb1 Rfd8 21. Ne2 Bc4 22. Nc3 Bxd4 23. Bxd4 Qxd4+ 24. Qxd4 Rxd4 25. Nxe4 fxe4 26. Bxe4 Kf8 27. Re3 Rad8 28. Rbe1 Rd1 29. Kf2 Rxe1 30. Kxe1 Nd5 31. Bxd5 Bxd5 32. Re5 Re8 33. Rxe8+ Kxe8 34. Kd2 Ke7 35. Kd3 Ke6 36. Kd4 a6 37. Ke3 Kf5 38. Kd3 Ba2 39. Ke3 Bb1 40. Kd4 Ke6 41. Kc4 Kf5 42. Kd4 Ke6 43. Kc4 Be4 44. Kd4 Bf3 45. Kc4 Bd1 46. Kd4 Bc2 47. Kc4 Kf5 48. Kd4 Bd1 49. Ke3 Ke6 50. Kd4 Bc2 51. Kc4 Bb1 52. Kd4 Ba2 53. Ke4 Bb1+ 54. Kd4 Bc2 55. Kc4 Bd1 56. Kd4 Bc2 57. Kc4 Bb1 58. Kd4 Bc2 59. Kc4 Bb1 60. Kd4 Ba2 61. Ke4 Bb1+ 62. Kd4 Bc2 63. Kc4 Bd1 64. Kd4 Bc2 65. Kc4 Bd1 66. Kd4 Bb3 67. Ke4 Bc2+ 68. Kd4 Bb3 69. Ke4 Bd5+ 70. Ke3 Bg2 71. Kd4 Bf3 72. Kc4 1/2-1/2

[Event "CZE-chT2c 0607"]
[Site "Czech Republic"]
[Date "2007.04.15"]
[Round "11.5"]
[White "Blahacek, Evzen"]
[Black "Soural, Jan"]
[Result "1-0"]
[WhiteElo "2116"]
[BlackElo "2186"]
[PlyCount "85"]
[EventDate "2006.10.15"]
[EventType "team-tourn"]
[EventRounds "11"]
[EventCountry "CZE"]
[SourceTitle "EXT 2008"]
[Source "ChessBase"]
[SourceDate "2007.11.25"]
[SourceVersion "1"]
[SourceVersionDate "2007.11.25"]
[SourceQuality "1"]
[WhiteTeam "Liberec"]
[BlackTeam "Praha Pankrac II"]
[WhiteTeamCountry "CZE"]
[BlackTeamCountry "CZE"]

1. c4 Nf6 2. Nc3 g6 3. e4 d6 4. d4 Bg7 5. f3 0-0 6. Be3 Nc6 7. Qd2 a6 8. Nge2 Rb8 9. a3 Re8 10. b4 b5 11. cxb5 axb5 12. d5 Ne5 13. Nd4 e6 14. f4 c5 15. dxc6 Neg4 16. Ndxb5 Rxb5 17. Bxb5 Nxe3 18. Qxe3 Ng4 19. Qd3 Qb6 20. Rf1 Nxh2 21. a4 Nxf1 22. Kxf1 f5 23. Rc1 e5 24. a5 Qa7 25. Bc4+ Kh8 26. Nb5 Qe7 27. Nxd6 Qh4 28. Kg1 fxe4 29. Qxe4 Bf5 30. Qe1 Qe7 31. Nxe8 Qxe8 32. b5 e4 33. Rd1 e3 34. c7 Bf6 35. b6 Qc6 36. Qb4 Kg7 37. b7 Bh3 38. Bd5 e2 39. Bxc6 exd1Q+ 40. Kh2 Bd4 41. Qe7+ Kh6 42. Qf8+ Bg7 43. Bf3 1-0

[Event "CZE-chT2c 0607"]
[Site "Czech Republic"]
[Date "2007.01.14"]
[Round "6.4"]
[White "Blahacek, Evzen"]
[Black "Postupa, Pavel"]
[Result "1-0"]
[WhiteElo "2116"]
[BlackElo "2089"]
[PlyCount "125"]
[EventDate "2006.10.15"]
[EventType "team-tourn"]
[EventRounds "11"]
[EventCountry "CZE"]
[SourceTitle "EXT 2008"]
[Source "ChessBase"]
[SourceDate "2007.11.25"]
[SourceVersion "1"]
[SourceVersionDate "2007.11.25"]
[SourceQuality "1"]
[WhiteTeam "Liberec"]
[BlackTeam "Lysa nad Labem"]
[WhiteTeamCountry "CZE"]
[BlackTeamCountry "CZE"]

1. c4 Nf6 2. Nc3 d5 3. d4 g6 4. Nf3 Bg7 5. e3 0-0 6. Be2 dxc4 7. Bxc4 c5 8. 0-0 Nc6 9. dxc5 Qa5 10. Bd2 Qxc5 11. Be2 Bg4 12. Rc1 Rfd8 13. Nb5 Qb6 14. Qc2 a6 15. Nbd4 Nxd4 16. exd4 Rac8 17. Qa4 Rxc1 18. Bxc1 Nd5 19. Rd1 Qe6 20. Kf1 Rc8 21. Qb3 b5 22. a4 b4 23. Qd3 Rc6 24. Qd2 Qc8 25. h3 Bf5 26. Ne5 Rc2 27. Qe1 Rc7 28. Bd2 a5 29. Rc1 Bc2 30. Bb5 Nb6 31. Ra1 Bb3 32. Qe3 Bd5 33. Rc1 e6 34. Rxc7 Qxc7 35. Qf4 Nc4 36. Nxc4 Bxc4+ 37. Ke1 e5 38. dxe5 Bxb5 39. axb5 Qc5 40. e6 fxe6 41. Qb8+ Kf7 42. Qb7+ Qe7 43. Qa6 Bxb2 44. Qxa5 b3 45. Qa4 Qa3 46. Qf4+ Kg7 47. Qc7+ Kf6 48. Qd8+ Kf7 49. Qd7+ Kf6 50. b6 Qa1+ 51. Ke2 Qa6+ 52. Ke1 Qxb6 53. Qxh7 Qd4 54. g4 Qe4+ 55. Be3 Bc1 56. g5+ Kf5 57. Qf7+ Ke5 58. Qc7+ Kd5 59. Qb7+ Ke5 60. Qxe4+ Kxe4 61. Bxc1 Kd3 62. h4 Kc2 63. Ba3 1-0

[Event "CZE-chT2c 0607"]
[Site "Czech Republic"]
[Date "2006.11.19"]
[Round "3.3"]
[White "Blahacek, Evzen"]
[Black "Vedral, Oldrich"]
[Result "0-1"]
[WhiteElo "2116"]
[BlackElo "2223"]
[PlyCount "54"]
[EventDate "2006.10.15"]
[EventType "team-tourn"]
[EventRounds "11"]
[EventCountry "CZE"]
[SourceTitle "EXT 2008"]
[Source "ChessBase"]
[SourceDate "2007.11.25"]
[SourceVersion "1"]
[SourceVersionDate "2007.11.25"]
[SourceQuality "1"]
[WhiteTeam "Liberec"]
[BlackTeam "Rychnov nad Kneznou"]
[WhiteTeamCountry "CZE"]
[BlackTeamCountry "CZE"]

1. c4 e5 2. Nc3 Nc6 3. g3 f5 4. Bg2 Nf6 5. e3 g6 6. Nge2 Bg7 7. 0-0 0-0 8. d3 d6 9. Rb1 a5 10. a3 Ne7 11. b4 axb4 12. axb4 c6 13. Qc2 Be6 14. Rd1 g5 15. f4 gxf4 16. gxf4 Ng6 17. Rf1 Nh4 18. Bf3 Ng4 19. Ng3 exf4 20. exf4 d5 21. Nce2 dxc4 22. dxc4 Bd4+ 23. Nxd4 Qxd4+ 24. Kh1 Bxc4 25. Bxg4 Bd5+ 26. Bf3 Nxf3 27. h3 Ne1+ 0-1

[Event "Liberec op"]
[Site "Liberec"]
[Date "2005.10.28"]
[Round "8"]
[White "Bach, Ulf"]
[Black "Blahacek, Evzen"]
[Result "1-0"]
[WhiteElo "1943"]
[BlackElo "2140"]
[PlyCount "51"]
[EventDate "2005.10.22"]
[EventType "swiss"]
[EventRounds "9"]
[EventCountry "CZE"]
[SourceTitle "EXT 2006"]
[Source "ChessBase"]
[SourceDate "2005.11.24"]
[SourceVersion "1"]
[SourceVersionDate "2005.11.24"]
[SourceQuality "1"]

1. d4 Nf6 2. Bf4 d6 3. e3 Nbd7 4. Nf3 g6 5. Bc4 e6 6. Nbd2 Bg7 7. c3 0-0 8. h4 h6 9. Qc2 Nh7 10. g4 Qe7 11. 0-0-0 Re8 12. Rdg1 Ndf8 13. e4 e5 14. Be3 c6 15. dxe5 dxe5 16. Kb1 Be6 17. Be2 b6 18. Nc4 Qc7 19. Qc1 f6 20. Bxh6 Qf7 21. Nd6 Bxa2+ 22. Ka1 Qe6 23. Nxe8 Rxe8 24. Bxg7 Kxg7 25. Nd2 Nd7 26. c4 1-0

[Event "Znojmo op"]
[Site "Znojmo"]
[Date "2005.05.16"]
[Round "2"]
[White "Balkova, Anna"]
[Black "Blahacek, Evzen"]
[Result "1/2-1/2"]
[WhiteElo "1946"]
[BlackElo "2161"]
[PlyCount "44"]
[EventDate "2005.05.15"]
[EventType "swiss"]
[EventRounds "9"]
[EventCountry "CZE"]
[SourceTitle "CBM 106 Extra"]
[Source "ChessBase"]
[SourceDate "2005.07.01"]
[SourceVersion "1"]
[SourceVersionDate "2005.07.01"]
[SourceQuality "1"]

1. e4 e5 2. Nf3 Nc6 3. Bb5 a6 4. Ba4 d6 5. Bxc6+ bxc6 6. d4 exd4 7. Nxd4 Bd7 8. 0-0 c5 9. Nf3 f6 10. c4 Ne7 11. Nc3 g6 12. Nd5 Bg7 13. Bf4 Nxd5 14. Qxd5 Rc8 15. b3 Qe7 16. Rad1 Qe6 17. Qxe6+ Bxe6 18. Rfe1 0-0 19. h3 Rfe8 20. Nh2 Re7 21. Nf1 Bd7 22. Ne3 Bc6 1/2-1/2

[Event "Liberec op"]
[Site "Liberec"]
[Date "2004.10.30"]
[Round "9"]
[White "Prange, Dieter"]
[Black "Blahacek, Evzen"]
[Result "0-1"]
[WhiteElo "2168"]
[BlackElo "2143"]
[PlyCount "72"]
[EventDate "2004.10.23"]
[EventType "swiss"]
[EventRounds "9"]
[EventCountry "CZE"]
[SourceTitle "EXT 2005"]
[Source "ChessBase"]
[SourceDate "2004.11.15"]
[SourceVersion "1"]
[SourceVersionDate "2004.11.15"]
[SourceQuality "1"]

1. e4 e5 2. Nf3 Nc6 3. Bb5 a6 4. Ba4 d6 5. d4 b5 6. Bb3 Nxd4 7. Nxd4 exd4 8. Qxd4 c5 9. Qd5 Be6 10. Qb7 c4 11. a4 cxb3 12. axb5 a5 13. Be3 Qc8 14. Qxc8+ Bxc8 15. c4 Nf6 16. Nc3 Bb7 17. Nd5 Nxd5 18. exd5 Be7 19. Bd4 Kd7 20. Kd2 Rhc8 21. Ra4 Bf6 22. Bxf6 gxf6 23. Rha1 Rc5 24. Kd3 Rac8 25. Kd4 Rg8 26. g3 Re8 27. Rxa5 Re2 28. Ra7 Kc8 29. Kc3 Bxd5 30. Kxb3 Bxc4+ 31. Kb4 Rxb2+ 32. Kc3 Rbxb5 33. Kd4 Be6 34. R1a6 Rb4+ 35. Ke3 d5 36. Rd6 Rc3+ 0-1

[Event "Liberec op"]
[Site "Liberec"]
[Date "2004.??.??"]
[Round "4"]
[White "Hinterberger, Werner"]
[Black "Blahacek, Evzen"]
[Result "0-1"]
[WhiteElo "2101"]
[BlackElo "2143"]
[PlyCount "80"]
[EventDate "2004.10.23"]
[EventType "swiss"]
[EventRounds "9"]
[EventCountry "CZE"]
[SourceTitle "EXT 2005"]
[Source "ChessBase"]
[SourceDate "2004.11.15"]
[SourceVersion "1"]
[SourceVersionDate "2004.11.15"]
[SourceQuality "1"]

1. d4 Nf6 2. c4 e6 3. g3 d5 4. Bg2 c6 5. Nf3 Nbd7 6. Qc2 Bd6 7. 0-0 0-0 8. Rd1 Ne4 9. b3 f5 10. Ba3 Bxa3 11. Nxa3 Qf6 12. Qb2 g5 13. e3 Qg7 14. Nc2 Nd6 15. Qa3 Ne8 16. Nce1 g4 17. Nh4 Rf6 18. Nd3 Nf8 19. Nf4 Rh6 20. Bf1 Ng6 21. Nfg2 Nf6 22. b4 Ne4 23. b5 Ng5 24. Be2 Qf6 25. bxc6 Nh3+ 26. Kf1 Nxh4 27. Nxh4 Rxh4 28. gxh4 Qxh4 29. Ke1 Nxf2 30. Kd2 Nxd1 31. Rxd1 Qd8 32. cxb7 Bxb7 33. Rb1 Qc7 34. Qb4 Bc6 35. Qc5 Rc8 36. Qa3 dxc4 37. Rc1 Bd5 38. h3 c3+ 39. Kc2 Be4+ 40. Bd3 Qh2+ 0-1